| 000 | 00752nam a2200217Ia 4500 | ||
|---|---|---|---|
| 008 | 191130s2005##################000#0#eng## | ||
| 020 | _a9780748614899 | ||
| 040 |
_aACL _cACL |
||
| 082 | _a791.43658 MCC | ||
| 100 | _aMcCrisken, Trevor B | ||
| 245 |
_aAmerican history and contemporary Hollywood film _cTrevor B. McCrisken and Andrew Pepper |
||
| 260 |
_aEdinburgh _bEdinburgh University Press _c2005 |
||
| 300 | _axii, 227 p. ; 24 cm. | ||
| 500 | _aIncludes bibliographical references (p. 211-215) and index | ||
| 650 | _aHistorical films - United States - History and criticism | ||
| 650 | _aMotion pictures and history | ||
| 700 | _aPepper, Andrew | ||
| 990 | _aced83d84ac10000c41b08ab2ed4fdbc8 | ||
| 991 | _a362799 | ||
| 999 |
_c240772 _d240772 |
||